(Khmer) becoming mature: (Record no. 50186)
| 000 -LEADER | |
|---|---|
| fixed length control field | 00270nam a2200097 4500 |
| 020 ## - INTERNATIONAL STANDARD BOOK NUMBER | |
| International Standard Book Number | 9789924390770 |
| 245 ## - TITLE STATEMENT | |
| Title | (Khmer) becoming mature: |
| Remainder of title | the psychology of aging / |
| Statement of responsibility, etc | Sou Sopheaktra. |
| 260 ## - PUBLICATION, DISTRIBUTION, ETC. (IMPRINT) | |
| Place of publication, distribution, etc | Cambodia: |
| Name of publisher, distributor, etc | Heartbook; |
| 300 ## - PHYSICAL DESCRIPTION | |
| Extent | 175 p. |
| Other physical details | 20 p. |
| 942 ## - ADDED ENTRY ELEMENTS (KOHA) | |
| Source of classification or shelving scheme | |
| Koha item type | Khmer NON FIC Books |
| Withdrawn status | Lost status | Source of classification or shelving scheme | Damaged status | Not for loan | Collection code | Home library | Current library | Date acquired | Total Checkouts | Full call number | Barcode | Date last seen | Price effective from | Koha item type |
|---|---|---|---|---|---|---|---|---|---|---|---|---|---|---|
| Siem Riep | Asian Hope Secondary Library | Asian Hope Secondary Library | 02/20/2026 | KHMER 155.25 SOU | 210149 | 02/20/2026 | 02/20/2026 | Khmer NON FIC Books |